书目信息 |
| 题名: |
现象学审美对象论
|
|
| 作者: | 张永清 著 | |
| 分册: | ||
| 出版信息: | 北京 中国文联出版社 2006 |
|
| 页数: | 278页 | |
| 开本: | 21cm | |
| 丛书名: | ||
| 单 册: | ||
| 中图分类: | B83-069 | |
| 科图分类: | ||
| 主题词: | 现象学--美学--研究 , 现象学 , 美学 | |
| 电子资源: | ||
| ISBN: | 7-5059-5470-9 | |
| 000 | 00912nam0 2200253 450 | |
| 001 | 1530012042 | |
| 005 | 20150117082045.68 | |
| 010 | @a7-5059-5470-9@dCNY18.00 | |
| 100 | @a20070116d2006 em y0chiy50 ea | |
| 101 | 0 | @achi |
| 102 | @aCN@b110000 | |
| 105 | @ay z 000yy | |
| 200 | 1 | @a现象学审美对象论@9xian xiang xue shen mei dui xiang lun@e审美对象从胡塞尔到当代的发展@f张永清著 |
| 210 | @a北京@c中国文联出版社@d2006 | |
| 215 | @a278页@d21cm | |
| 330 | @a本书内容包括:现象学美学基本概念、审美对象的哲学理论与方法论、审美对象的构成要素与深度效应、交互主体性与审美对象的主要表现形态。 | |
| 517 | 1 | @a审美对象从胡塞尔到当代的发展@9shen mei dui xiang cong hu sai er dao dang dai de fa zhan |
| 606 | 0 | @a现象学@x美学@x研究 |
| 606 | 0 | @a现象学 |
| 606 | 0 | @a美学 |
| 690 | @aB83-069@v4 | |
| 701 | 0 | @a张永清@9zhang yong qing@f(1965~)@4著 |
| 801 | 0 | @aCN@b91MARC@c20101222 |
| 905 | @aZUCC@dB83-069@eJY1 | |
| 现象学审美对象论:审美对象从胡塞尔到当代的发展/张永清著.-北京:中国文联出版社,2006 |
| 278页;21cm |
| ISBN 7-5059-5470-9:CNY18.00 |
| 本书内容包括:现象学美学基本概念、审美对象的哲学理论与方法论、审美对象的构成要素与深度效应、交互主体性与审美对象的主要表现形态。 |
| ● |
| 相关链接 |
|
|
|
|
正题名:现象学审美对象论
索取号:B83-069/JY1
 
预约/预借
| 序号 | 登录号 | 条形码 | 馆藏地/架位号 | 状态 | 备注 |
| 1 | 7851787 | 278517874 | 学院路分馆/ [索取号:B83-069/JY1] | 在馆 | |
| 2 | 7851788 | 278517883 | 学院路分馆/ [索取号:B83-069/JY1] | 在馆 |